000 00692cam a22002413a 4500
001 18428
003 PGUSA
005 20140828083407.0
008 060521s2006||||xxu|||||s|||||000 | eng d
040 _aPGUSA
_beng
042 _adc
050 4 _aPT
100 1 _aIbsen, Henrik,
_d1828-1906
245 1 4 _aThe Feast at Solhoug
_h[electronic resource] /
_cHenrik Ibsen
260 _bProject Gutenberg,
_c2006
506 _aPublic domain in the USA.
516 _aElectronic text
653 _aNorwegian drama -- Translations into English
700 1 _aArcher, William,
_d1856-1924
830 0 _aProject Gutenberg
_v18428
856 4 0 _uhttp://www.gutenberg.org/ebooks/18428
942 _cEB
999 _c247683
_d247683